[Event "XXVII MISTRZOSTWA WOJEWÓDZTWA PODLASKIEGO JUNIORÓW DO LAT 14 - C14"]
[Site "Białystok, Poland"]
[Date "2025.06.01"]
[Round "9.1"]
[White "Boguszewski, Kacper"]
[Black "Wnorowski, Wiktor"]
[Result "1/2-1/2"]
[WhiteElo "1689"]
[BlackElo "1674"]

1. e4 {[%clk 00:31:00]} c5 {[%clk 00:30:55]} {[%emt 00:00:05]} 2. Nf3 {[%clk
00:31:27]} {[%emt 00:00:03]} Nc6 {[%clk 00:31:20]} {[%emt 00:00:05]} 3. d4
{[%clk 00:31:54]} {[%emt 00:00:04]} cxd4 {[%clk 00:31:46]} {[%emt 00:00:03]} 4.
Nxd4 {[%clk 00:32:20]} {[%emt 00:00:05]} g6 {[%clk 00:32:11]} {[%emt 00:00:03]}
5. Nc3 {[%clk 00:32:47]} {[%emt 00:00:04]} Bg7 {[%clk 00:32:38]} {[%emt
00:00:04]} 6. Be3 {[%clk 00:33:13]} {[%emt 00:00:04]} Nf6 {[%clk 00:33:04]}
{[%emt 00:00:05]} 7. Bc4 {[%clk 00:33:19]} {[%emt 00:00:23]} d6 {[%clk
00:32:08]} {[%emt 00:01:26]} 8. O-O {[%clk 00:33:17]} {[%emt 00:00:32]} Ng4
{[%clk 00:31:09]} {[%emt 00:01:28]} 9. Nxc6 {[%clk 00:27:42]} {[%emt 00:06:06]}
bxc6 {[%clk 00:30:41]} {[%emt 00:00:58]} 10. Bd2 {[%clk 00:27:16]} {[%emt
00:00:55]} O-O {[%clk 00:29:01]} {[%emt 00:02:11]} 11. h3 {[%clk 00:27:14]}
{[%emt 00:00:32]} Ne5 {[%clk 00:29:17]} {[%emt 00:00:14]} 12. Bb3 {[%clk
00:27:31]} {[%emt 00:00:13]} Ba6 {[%clk 00:26:45]} {[%emt 00:03:01]} 13. Re1
{[%clk 00:27:36]} {[%emt 00:00:26]} Nc4 {[%clk 00:26:42]} {[%emt 00:00:33]} 14.
Bxc4 {[%clk 00:26:29]} {[%emt 00:01:38]} Bxc4 {[%clk 00:27:06]} {[%emt
00:00:05]} 15. b3 {[%clk 00:19:36]} {[%emt 00:07:24]} Be6 {[%clk 00:24:20]}
{[%emt 00:03:15]} 16. Rb1 {[%clk 00:19:28]} {[%emt 00:00:38]} Qd7 {[%clk
00:21:53]} {[%emt 00:02:57]} 17. Ne2 {[%clk 00:17:44]} {[%emt 00:02:13]} Qc7
{[%clk 00:20:01]} {[%emt 00:02:22]} 18. Nf4 {[%clk 00:17:22]} {[%emt 00:00:52]}
Bd7 {[%clk 00:19:55]} {[%emt 00:00:36]} 19. c4 {[%clk 00:17:42]} {[%emt
00:00:10]} Rad8 {[%clk 00:15:43]} {[%emt 00:04:42]} 20. Rc1 {[%clk 00:16:15]}
{[%emt 00:01:58]} e6 {[%clk 00:13:58]} {[%emt 00:02:16]} 21. Be3 {[%clk
00:12:47]} {[%emt 00:03:56]} c5 {[%clk 00:12:49]} {[%emt 00:01:39]} 22. Qd2
{[%clk 00:11:07]} {[%emt 00:02:09]} Bc6 {[%clk 00:12:55]} {[%emt 00:00:26]} 23.
f3 {[%clk 00:11:24]} {[%emt 00:00:13]} Rd7 {[%clk 00:11:34]} {[%emt 00:01:50]}
24. Rcd1 {[%clk 00:10:59]} {[%emt 00:00:55]} a5 {[%clk 00:11:42]} {[%emt
00:00:23]} 25. a4 {[%clk 00:09:14]} {[%emt 00:02:15]} Rb8 {[%clk 00:11:43]}
{[%emt 00:00:27]} 26. Rb1 {[%clk 00:09:32]} {[%emt 00:00:13]} Qd8 {[%clk
00:09:46]} {[%emt 00:02:28]} 27. Red1 {[%clk 00:09:29]} {[%emt 00:00:32]} Be5
{[%clk 00:09:22]} {[%emt 00:00:53]} 28. Nd3 {[%clk 00:09:12]} {[%emt 00:00:47]}
Bg7 {[%clk 00:09:05]} {[%emt 00:00:47]} 29. Nf4 {[%clk 00:09:39]} {[%emt
00:00:05]} Be5 {[%clk 00:07:46]} {[%emt 00:01:48]} 30. Nd3 {[%clk 00:09:58]}
{[%emt 00:00:11]} Bg7 {[%clk 00:08:12]} {[%emt 00:00:04]} 31. Nf4 {[%emt
00:00:09]} 1/2-1/2

[Event "XXVII MISTRZOSTWA WOJEWÓDZTWA PODLASKIEGO JUNIORÓW DO LAT 14 - C14"]
[Site "Białystok, Poland"]
[Date "2025.06.01"]
[Round "9.3"]
[White "Obrycki, Tomasz"]
[Black "Jasiulewicz, Kamil"]
[Result "1-0"]
[WhiteElo "2055"]
[BlackElo "1658"]

1. c4 {[%clk 00:30:56]} {[%emt 00:00:03]} c6 {[%clk 00:30:42]} {[%emt
00:00:19]} 2. g3 {[%clk 00:31:20]} {[%emt 00:00:06]} d5 {[%clk 00:31:01]}
{[%emt 00:00:10]} 3. Bg2 {[%clk 00:31:41]} {[%emt 00:00:09]} Nf6 {[%clk
00:31:25]} {[%emt 00:00:06]} 4. Nf3 {[%clk 00:31:58]} {[%emt 00:00:12]} e6
{[%clk 00:29:48]} {[%emt 00:02:09]} 5. O-O {[%clk 00:30:11]} {[%emt 00:02:17]}
Be7 {[%clk 00:29:33]} {[%emt 00:00:44]} 6. d4 {[%clk 00:29:35]} {[%emt
00:01:07]} O-O {[%clk 00:29:55]} {[%emt 00:00:07]} 7. Qc2 {[%clk 00:29:38]}
{[%emt 00:00:26]} b6 {[%clk 00:28:10]} {[%emt 00:02:16]} 8. Nbd2 {[%clk
00:29:10]} {[%emt 00:00:59]} Bb7 {[%clk 00:28:19]} {[%emt 00:00:21]} 9. e4
{[%clk 00:28:36]} {[%emt 00:01:04]} dxe4 {[%clk 00:28:46]} {[%emt 00:00:03]} 10.
Nxe4 {[%clk 00:28:56]} {[%emt 00:00:10]} Nbd7 {[%clk 00:28:51]} {[%emt
00:00:25]} 11. b3 {[%clk 00:22:08]} {[%emt 00:07:17]} Nxe4 {[%clk 00:28:40]}
{[%emt 00:00:42]} 12. Qxe4 {[%clk 00:22:30]} {[%emt 00:00:07]} Nf6 {[%clk
00:28:55]} {[%emt 00:00:15]} 13. Qe2 {[%clk 00:22:36]} {[%emt 00:00:21]} c5
{[%clk 00:29:03]} {[%emt 00:00:26]} 14. Rd1 {[%clk 00:19:09]} {[%emt 00:03:56]}
cxd4 {[%clk 00:28:09]} {[%emt 00:01:24]} 15. Nxd4 {[%clk 00:19:12]} {[%emt
00:00:27]} Qc8 {[%clk 00:28:20]} {[%emt 00:00:19]} 16. Bb2 {[%clk 00:13:46]}
{[%emt 00:05:57]} Bxg2 {[%clk 00:28:22]} {[%emt 00:00:28]} 17. Kxg2 {[%clk
00:14:14]} {[%emt 00:00:02]} Qb7+ {[%clk 00:28:07]} {[%emt 00:00:45]} 18. Qf3
{[%clk 00:12:53]} {[%emt 00:01:50]} Ne4 {[%clk 00:24:10]} {[%emt 00:04:27]} 19.
Re1 {[%clk 00:08:16]} {[%emt 00:05:07]} Nc5 {[%clk 00:23:52]} {[%emt 00:00:49]}
20. Nc6 {[%clk 00:07:28]} {[%emt 00:01:17]} Rac8 {[%clk 00:24:06]} {[%emt
00:00:16]} 21. Nxe7+ {[%clk 00:07:16]} {[%emt 00:00:43]} Qxe7 {[%clk 00:24:34]}
{[%emt 00:00:02]} 22. Qg4 {[%clk 00:07:11]} {[%emt 00:00:32]} f6 {[%clk
00:23:39]} {[%emt 00:01:28]} 23. Ba3 {[%clk 00:06:34]} {[%emt 00:01:06]} e5
{[%clk 00:22:55]} {[%emt 00:01:14]} 24. Rad1 {[%clk 00:06:37]} {[%emt
00:00:28]} Rcd8 {[%clk 00:22:01]} {[%emt 00:01:23]} 25. Rd5 {[%clk 00:06:08]}
{[%emt 00:00:57]} Rxd5 {[%clk 00:21:51]} {[%emt 00:00:43]} 26. cxd5 {[%clk
00:06:37]} {[%emt 00:00:02]} Qb7 {[%clk 00:22:06]} {[%emt 00:00:14]} 27. Rd1
{[%clk 00:06:57]} {[%emt 00:00:08]} Rd8 {[%clk 00:20:34]} {[%emt 00:02:03]} 28.
Bxc5 {[%clk 00:07:09]} {[%emt 00:00:19]} bxc5 {[%clk 00:20:55]} {[%emt
00:00:09]} 29. Qc4 {[%clk 00:06:44]} {[%emt 00:00:54]} Qb4 {[%clk 00:20:48]}
{[%emt 00:00:38]} 30. Qa6 {[%clk 00:03:07]} {[%emt 00:04:05]} Qb6 {[%clk
00:20:12]} {[%emt 00:01:08]} 31. Qe2 {[%clk 00:03:17]} {[%emt 00:00:11]} Qb7
{[%clk 00:18:48]} {[%emt 00:02:02]} 32. Qg4 {[%clk 00:02:57]} {[%emt 00:00:45]}
Rd6 {[%clk 00:18:35]} {[%emt 00:00:47]} 33. Qc4 {[%clk 00:01:17]} {[%emt
00:02:10]} Qb4 {[%clk 00:18:37]} {[%emt 00:00:27]} 34. a3 {[%clk 00:01:22]}
{[%emt 00:00:26]} Qxc4 {[%clk 00:16:49]} {[%emt 00:02:18]} 35. bxc4 {[%clk
00:01:51]} {[%emt 00:00:02]} Kf7 {[%clk 00:16:47]} {[%emt 00:00:32]} 36. Rb1
{[%clk 00:02:11]} {[%emt 00:00:09]} Rb6 {[%clk 00:17:00]} {[%emt 00:00:17]} 37.
Rxb6 {[%clk 00:01:34]} {[%emt 00:01:07]} axb6 {[%clk 00:17:29]} {[%emt
00:00:01]} 38. Kf3 {[%clk 00:01:24]} {[%emt 00:00:40]} f5 {[%clk 00:10:42]}
{[%emt 00:07:17]} 39. g4 {[%clk 00:00:54]} {[%emt 00:01:00]} g6 {[%clk
00:10:31]} {[%emt 00:00:40]} 40. a4 {[%clk 00:00:47]} {[%emt 00:00:37]} Kf6
{[%clk 00:06:57]} {[%emt 00:04:05]} 41. Kg3 {[%clk 00:00:48]} {[%emt 00:00:29]}
h6 {[%clk 00:05:21]} {[%emt 00:02:06]} 42. h3 {[%clk 00:00:35]} {[%emt
00:00:43]} g5 {[%clk 00:03:07]} {[%emt 00:02:43]} 43. gxf5 {[%clk 00:00:36]}
{[%emt 00:00:29]} Kxf5 {[%clk 00:03:36]} {[%emt 00:00:02]} 44. h4 {[%clk
00:00:47]} {[%emt 00:00:19]} e4 {[%clk 00:02:21]} {[%emt 00:01:45]} 45. hxg5
{[%clk 00:00:46]} {[%emt 00:00:31]} hxg5 {[%clk 00:02:49]} {[%emt 00:00:02]} 46.
Kh3 {[%clk 00:00:49]} {[%emt 00:00:24]} Kf4 {[%clk 00:02:00]} {[%emt 00:01:23]}
47. d6 {[%clk 00:01:05]} {[%emt 00:00:14]} Kf3 {[%clk 00:02:24]} {[%emt
00:00:06]} 48. d7 {[%clk 00:01:30]} {[%emt 00:00:05]} g4 {[%clk 00:02:48]}
{[%emt 00:00:06]} 49. Kh4 {[%clk 00:01:44]} {[%emt 00:00:12]} Kxf2 {[%clk
00:02:35]} {[%emt 00:00:45]} 50. d8=Q {[%clk 00:02:07]} {[%emt 00:00:08]} e3
{[%clk 00:03:00]} {[%emt 00:00:05]} 51. Qf6+ {[%clk 00:02:17]} {[%emt
00:00:19]} Ke1 {[%clk 00:03:24]} {[%emt 00:00:06]} 52. Qc3+ {[%clk 00:02:00]}
{[%emt 00:00:46]} Kf2 {[%clk 00:03:53]} {[%emt 00:00:02]} 53. Kxg4 {[%clk
00:02:11]} {[%emt 00:00:20]} e2 {[%clk 00:04:21]} {[%emt 00:00:02]} 54. Qd2
{[%clk 00:02:20]} {[%emt 00:00:16]} Kf1 {[%clk 00:04:43]} {[%emt 00:00:12]} 55.
Kf3 {[%clk 00:02:05]} {[%emt 00:00:42]} e1=N+ {[%clk 00:05:09]} {[%emt
00:00:07]} 56. Kg3 {[%clk 00:02:28]} {[%emt 00:00:12]} 1-0

[Event "XXVII MISTRZOSTWA WOJEWÓDZTWA PODLASKIEGO JUNIORÓW DO LAT 14 - C14"]
[Site "Białystok, Poland"]
[Date "2025.06.01"]
[Round "9.4"]
[White "Chojnowski, Jakub"]
[Black "Gardocki, Michal"]
[Result "1-0"]
[WhiteElo "1504"]
[BlackElo "1469"]

1. e4 {[%clk 00:28:33]} {[%emt 00:02:27]} e5 {[%clk 00:30:42]} {[%emt
00:00:17]} 2. Nf3 {[%clk 00:28:57]} {[%emt 00:00:07]} Nc6 {[%clk 00:31:03]}
{[%emt 00:00:08]} 3. Bb5 {[%clk 00:29:24]} {[%emt 00:00:03]} a6 {[%clk
00:31:28]} {[%emt 00:00:05]} 4. Ba4 {[%clk 00:29:52]} {[%emt 00:00:03]} b5
{[%clk 00:31:54]} {[%emt 00:00:04]} 5. Bb3 {[%clk 00:30:19]} {[%emt 00:00:03]}
Nf6 {[%clk 00:32:22]} {[%emt 00:00:02]} 6. d3 {[%clk 00:30:41]} {[%emt
00:00:08]} Bc5 {[%clk 00:32:46]} {[%emt 00:00:06]} 7. h3 {[%clk 00:31:02]}
{[%emt 00:00:08]} h6 {[%clk 00:33:12]} {[%emt 00:00:04]} 8. Nbd2 {[%clk
00:31:15]} {[%emt 00:00:18]} d6 {[%clk 00:33:32]} {[%emt 00:00:10]} 9. c3
{[%clk 00:31:41]} {[%emt 00:00:04]} Bb6 {[%clk 00:33:45]} {[%emt 00:00:17]} 10.
Nf1 {[%clk 00:31:37]} {[%emt 00:00:34]} Bb7 {[%clk 00:34:04]} {[%emt 00:00:11]}
11. Ng3 {[%clk 00:32:00]} {[%emt 00:00:08]} Na5 {[%clk 00:34:09]} {[%emt
00:00:25]} 12. Bc2 {[%clk 00:32:26]} {[%emt 00:00:04]} c5 {[%clk 00:34:29]}
{[%emt 00:00:10]} 13. O-O {[%clk 00:30:36]} {[%emt 00:02:19]} Nd7 {[%clk
00:33:08]} {[%emt 00:01:51]} 14. Nf5 {[%clk 00:30:13]} {[%emt 00:00:53]} Qf6
{[%clk 00:33:08]} {[%emt 00:00:30]} 15. Qe2 {[%clk 00:28:40]} {[%emt 00:02:03]}
Nf8 {[%clk 00:32:51]} {[%emt 00:00:47]} 16. Nh2 {[%clk 00:20:17]} {[%emt
00:08:53]} O-O-O {[%clk 00:31:12]} {[%emt 00:02:09]} 17. Ng4 {[%clk 00:18:10]}
{[%emt 00:02:39]} Qe6 {[%clk 00:30:58]} {[%emt 00:00:43]} 18. Nxg7 {[%clk
00:18:13]} {[%emt 00:00:26]} Qg6 {[%clk 00:31:21]} {[%emt 00:00:08]} 19. Nf5
{[%clk 00:17:58]} {[%emt 00:00:44]} Rd7 {[%clk 00:31:31]} {[%emt 00:00:20]} 20.
Ngxh6 {[%clk 00:16:16]} {[%emt 00:02:12]} Ne6 {[%clk 00:31:25]} {[%emt
00:00:36]} 21. Qf3 {[%clk 00:16:08]} {[%emt 00:00:38]} Nf4 {[%clk 00:30:10]}
{[%emt 00:01:46]} 22. Bxf4 {[%clk 00:15:46]} {[%emt 00:00:52]} exf4 {[%clk
00:30:38]} {[%emt 00:00:02]} 23. Qxf4 {[%clk 00:15:30]} {[%emt 00:00:46]} f6
{[%clk 00:30:31]} {[%emt 00:00:36]} 24. Ng4 {[%clk 00:13:16]} {[%emt 00:02:43]}
Bc7 {[%clk 00:30:44]} {[%emt 00:00:18]} 25. Qf3 {[%clk 00:12:25]} {[%emt
00:01:21]} d5 {[%clk 00:30:42]} {[%emt 00:00:33]} 26. Rad1 {[%clk 00:11:28]}
{[%emt 00:01:26]} Nc6 {[%clk 00:30:21]} {[%emt 00:00:52]} 27. Rfe1 {[%clk
00:08:58]} {[%emt 00:03:00]} Ne5 {[%clk 00:30:32]} {[%emt 00:00:19]} 28. Nxe5
{[%clk 00:09:13]} {[%emt 00:00:15]} Bxe5 {[%clk 00:30:54]} {[%emt 00:00:08]} 29.
d4 {[%clk 00:09:00]} {[%emt 00:00:43]} Bc7 {[%clk 00:29:28]} {[%emt 00:01:56]}
30. e5 {[%clk 00:08:04]} {[%emt 00:01:27]} Kb8 {[%clk 00:29:44]} {[%emt
00:00:13]} 31. Re2 {[%clk 00:06:59]} {[%emt 00:01:34]} Rdh7 {[%clk 00:30:05]}
{[%emt 00:00:10]} 32. Ng3 {[%clk 00:07:16]} {[%emt 00:00:13]} Rxh3 {[%clk
00:29:56]} {[%emt 00:00:38]} 33. Bxg6 {[%clk 00:07:26]} {[%emt 00:00:19]} fxe5
{[%clk 00:30:21]} {[%emt 00:00:07]} 34. gxh3 {[%clk 00:07:27]} {[%emt
00:00:29]} Rxh3 {[%clk 00:30:44]} {[%emt 00:00:06]} 35. Kg2 {[%clk 00:07:31]}
{[%emt 00:00:26]} e4 {[%clk 00:31:01]} {[%emt 00:00:13]} 36. Qf8+ {[%clk
00:07:53]} {[%emt 00:00:07]} Bc8 {[%clk 00:31:30]} {[%emt 00:00:03]} 37. Qxc8+
{[%clk 00:08:08]} {[%emt 00:00:25]} 1-0